| 000 | 00530cam a22002171 4500 | ||
|---|---|---|---|
| 001 | sa 64006949 | ||
| 003 | DLC | ||
| 005 | 20260227112043.0 | ||
| 008 | 890727s1962 ii 000 0 hino | ||
| 010 | _asa 64006949 | ||
| 035 | _a(OCoLC)20080296 | ||
| 040 |
_aDLC _cWaU _dDLC |
||
| 042 | _apremarc | ||
| 050 | 0 | 0 |
_aDS481.G3 _bJ73 |
| 100 | 1 |
_aJoshi, Shripad, _d1920- |
|
| 245 | 1 | 0 | _aGāndhījī : eka jhalaka. |
| 260 | _c[1962] | ||
| 300 |
_a72 p. _c19 cm. |
||
| 500 | _aIn Hindi. | ||
| 600 | 1 | 0 |
_aGandhi, _cMahatma, _d1869-1948. |
| 999 |
_c59960 _d59960 |
||